000 01106 a2200229 4500
001 57009
005 20260407155833.0
008 260407a2005 arg spa d
003 AR-UNSa-BCEJYS
040 _aAR-UNSa-BCEJYS
_bspa
_cAR-UNSa-BCEJYS
080 _a351.71
_xBienes públicos. Obras públicas. Impuestos (Contratación pública)
245 1 0 _aPublic Goods, redistribution and rent seeking
020 _a978-1-84376-637-7
264 1 _aCheltenham :
_bEdward Elgar
_c2005
300 _a153 p.
_c22 cm.
505 _a1. Some difficulties in the existing theory of externalities – 2. Coase and all that – 3. More on why government? – 4. The poor – 5. The legacy of Bismarck – 6. Some biological problems – 7. The rich – 8. A survey of the existing system – 9. Rent seeking – 10. War – 11. Monarchies and dictatorships – 12. What, if anything, should we do?
041 _aspa
942 _cBK
590 _aniveau_biblio:m niveau_hierar:0
100 1 _aTullock, Gordon
856 4 1 _uhttps://biblioeco.unsa.edu.ar/pmb/images/libros/L128650.jpg
_yImagen de portada
_qimage/jpeg
999 _c6097
_d6097